<?xml version="1.0" encoding="UTF-8"?>
<record
    xmlns:xsi="http://www.w3.org/2001/XMLSchema-instance"
    xsi:schemaLocation="http://www.loc.gov/MARC21/slim http://www.loc.gov/standards/marcxml/schema/MARC21slim.xsd"
    xmlns="http://www.loc.gov/MARC21/slim">

  <leader>00579nam a2200217Ia 4500</leader>
  <controlfield tag="008">230125s9999    xx            000 0 und d</controlfield>
  <datafield tag="020" ind1=" " ind2=" ">
    <subfield code="a">81-7881-101-4</subfield>
  </datafield>
  <datafield tag="041" ind1=" " ind2=" ">
    <subfield code="a">eng</subfield>
  </datafield>
  <datafield tag="082" ind1=" " ind2=" ">
    <subfield code="a">004.69</subfield>
    <subfield code="b">ICF</subfield>
  </datafield>
  <datafield tag="100" ind1=" " ind2=" ">
    <subfield code="a">ICFAI</subfield>
  </datafield>
  <datafield tag="245" ind1=" " ind2=" ">
    <subfield code="a">IT - Enabled services Vol - 2</subfield>
  </datafield>
  <datafield tag="250" ind1=" " ind2=" ">
    <subfield code="a">1st Ed.</subfield>
  </datafield>
  <datafield tag="260" ind1=" " ind2=" ">
    <subfield code="c">2002</subfield>
    <subfield code="b">ICFAI publication</subfield>
    <subfield code="a">Hyderabad</subfield>
  </datafield>
  <datafield tag="300" ind1=" " ind2=" ">
    <subfield code="a">181p</subfield>
  </datafield>
  <datafield tag="440" ind1=" " ind2=" ">
    <subfield code="a">ICFAI</subfield>
  </datafield>
  <datafield tag="500" ind1=" " ind2=" ">
    <subfield code="a">ICFAI Series Book;IT - Enabled Services</subfield>
  </datafield>
  <datafield tag="650" ind1=" " ind2=" ">
    <subfield code="a">Information Technology</subfield>
    <subfield code="9">106901</subfield>
  </datafield>
  <datafield tag="700" ind1=" " ind2=" ">
    <subfield code="a">ICFAI &amp; Mantravadi P M, Ed.</subfield>
    <subfield code="9">110636</subfield>
  </datafield>
  <datafield tag="906" ind1=" " ind2=" ">
    <subfield code="b">112</subfield>
  </datafield>
  <datafield tag="999" ind1=" " ind2=" ">
    <subfield code="c">87501</subfield>
    <subfield code="d">87501</subfield>
  </datafield>
  <datafield tag="952" ind1=" " ind2=" ">
    <subfield code="0">0</subfield>
    <subfield code="1">0</subfield>
    <subfield code="4">0</subfield>
    <subfield code="7">0</subfield>
    <subfield code="a">HIMR</subfield>
    <subfield code="b">HIMR</subfield>
    <subfield code="d">2006-12-05</subfield>
    <subfield code="e">ICFAI press</subfield>
    <subfield code="g">750.00</subfield>
    <subfield code="i">118</subfield>
    <subfield code="l">0</subfield>
    <subfield code="o">004.69 ICF B05648</subfield>
    <subfield code="p">HIMR-BK-5648</subfield>
    <subfield code="r">2023-01-25 00:00:00</subfield>
    <subfield code="v">638.00</subfield>
    <subfield code="w">2006-12-04</subfield>
    <subfield code="y">BK</subfield>
    <subfield code="z">B05648</subfield>
  </datafield>
  <datafield tag="952" ind1=" " ind2=" ">
    <subfield code="0">0</subfield>
    <subfield code="1">0</subfield>
    <subfield code="4">0</subfield>
    <subfield code="7">0</subfield>
    <subfield code="a">HIMR</subfield>
    <subfield code="b">HIMR</subfield>
    <subfield code="d">2006-12-05</subfield>
    <subfield code="e">ICFAI press</subfield>
    <subfield code="g">400.00</subfield>
    <subfield code="i">118</subfield>
    <subfield code="l">0</subfield>
    <subfield code="o">004.69 ICF B05649</subfield>
    <subfield code="p">HIMR-BK-5649</subfield>
    <subfield code="r">2023-01-25 00:00:00</subfield>
    <subfield code="v">340.00</subfield>
    <subfield code="w">2006-12-04</subfield>
    <subfield code="y">BK</subfield>
    <subfield code="z">B05649</subfield>
  </datafield>
</record>
